Générique Molusco - Paroles - Statistiques

Statistiques générales
  • Ce quiz a été pris 9 fois
  • Le résultat moyen est 9 sur 9
Statistiques - réponses
Paroles % Correct
Au fait, je m'appelle {Molusco}
100%
Avec des super {pouvoirs}
100%
Avec mon {frère} Coco
100%
Et c'est comme ça que je suis {né}
100%
Je vais vous raconter mon {histoire}
100%
Ne le dites à {personne}
100%
Mais je suis un enfant {huître}
89%
Un jour, il y a eu une marée {noire}
89%
C'est là que mes parents m'ont {adopté}
78%
Aucun quiz correspondant
Distribution des résultats
% des personnes avec chaque résultat
Percentile par nombre de réponses
Votre historique - résultats
Vous n’avez pas pris ce quiz